Normas de Informacin̤ Financiera (NIF) 2022

Detalles Bibliográficos
Formato: eBook
Lenguaje:español
Publicado: Ciudad de Mx̌ico: Instituto Mexicano de Contadores Pb︢licos, 2021
Materias:
Acceso en línea:Acceso restringido

MARC

LEADER 00000nam a22000007a 4500
005 20220509231010.0
007 cr|||| ||||
008 220509s2021 mx |||||s|||| 00||0 spa d
020 |a 978-607-563-159-2 
035 |a 36321 
040 |a vLex 
090 |c 13301  |d 13301 
245 0 0 |a Normas de Informacin̤ Financiera (NIF) 2022  |h [Recurso electrn̤ico] / 
256 |a Servicio en ln̕ea 
260 |a Ciudad de Mx̌ico:  |b Instituto Mexicano de Contadores Pb︢licos,  |c 2021 
300 |a 1 recurso electrn̤ico 
500 |a Incluye un boletn̕ de la Comisin̤ de Principios de Contabilidad del IMCP. El texto completo de Normas de Informacin̤ Financiera considera la normativa que se encuentra en vigor al 1ð de enero de 2022, adems̀ se incluye la: NIF A-1, Marco Conceptual de las Normas de Informacin̤ Financiera con entrada en vigor a partir del 1ð de enero de 2023. 
506 1 |a Disponible solo en los productos indicados  |d vLex Global  |d vLex Global (Academic Edition, excluding Law Schools)  |d vLex Global (U.S. Academic Edition, Law Schools)  |d vLex Global (U.S. Academic Edition, excluding Law Schools)  |d vLex Global (Academic Edition, Law Schools) 
650 0 4 |a Paquetes Especiales  |z Mx̌ico 
740 0 |a vLex Libros (Servicio en ln̕ea) 
856 4 0 |u https://app.vlex.com/#/sources/36321  |z Acceso restringido 
942 |c BOOK 
999 0 |a Special Packages